Entry Personal Name
Number of records used in: 1
001 - CONTROL NUMBER
003 - CONTROL NUMBER IDENTIFIER
005 - DATE AND TIME OF LATEST TRANSACTION
- control field:
20220820134132.0
008 - FIXED-LENGTH DATA ELEMENTS
- fixed length control field:
061113n| acannaabn |n aaa
010 ## - LIBRARY OF CONGRESS CONTROL NUMBER
- LC control number:
nb2006025093
035 ## - SYSTEM CONTROL NUMBER
- System control number:
(Uk)006645099
040 ## - CATALOGING SOURCE
- Original cataloging agency:
Uk
- Language of cataloging:
eng
- Transcribing agency:
Uk
100 1# - HEADING--PERSONAL NAME
- Personal name:
Pandey, Rajendra Kumar
670 ## - SOURCE DATA FOUND
- Source citation:
Milk production in India, 2004:
- Information found:
t.p. (Dr. Rajendra Kumar Pandey; head, Dept. of Animal Husbandry and Dairying, Institute of Agricultural Sciences, Banaras Hindu Univ.)